LEADER 00986nam0 2200277 450 001 000023522 005 20081202104930.0 010 $a3-406-02039-9 100 $a20081202d1971----km-y0itaa50------ba 101 0 $ager 102 $aDE 200 1 $aWest-Östliche Mystik$eVergleich und Unterscheidung zur Wesensdeutung$fRudolf Otto 205 $a3. Auflage$füberarbeitet von Gustav Mensching 210 $aMünchen$cC. H. Beck$dc1971 215 $aXV, 314 p.$d21 cm. 606 1 $aMisticismo 676 $a291.422$v(21. ed.)$9Religione comparata. Misticismo 700 1$aOtto,$bRudolf$0152135 801 0$aIT$bUniversità della Basilicata - B.I.A.$gRICA$2unimarc 912 $a000023522 996 $aWest-Östliche Mystik$91528137 997 $aUNIBAS BAS $aLETTERE CAT $aEXT10$b01$c20081202$lBAS01$h1049 FMT Z30 -1$lBAS01$LBAS01$mBOOK$1BASA1$APolo Storico-Umanistico$2FMAS$BFondo Masini$3FMas/817/641$6817/641$5B817/641$820081202$f04$FPrestabile Didattica